00754cam a2200193 450000100040000000500170000400800390002101000170006002000150007704300120009210000210010424501760012526000530030130000200035450400520037460000520042665100510047871000310052931920181127161305.0090617s2008 bt b 000 0 eng a 2009311747 a9993614459 aa-bt---1 aMathou, Thierry.10aHow to reform a traditional Buddhist monarchy :bthe political achievements of His Majesty Jigme Singye Wangchuck, the fourth King of Bhutan (1972-2006) /cThierry Mathou. aThimphu :bThe Centre for Bhutan Studies,c2008. a47 p. ;c22 cm. aIncludes bibliographical references (p. 45-46).00aJigme Singye Wangchuck,cKing of Bhutan,d1955- 0aBhutanxPolitics and governmenty20th century.2 aCentre for Bhutan Studies.